[Event "GER-ch U25-B"]
[Site "Willingen"]
[Date "2016.05.19"]
[Round "7"]
[White "Funke, Maximilian"]
[Black "Ibrahim, Eva"]
[Result "1-0"]
[WhiteElo "1190"]
[BlackElo "973"]
[PlyCount "133"]
[EventDate "2016.05.15"]
[EventType "swiss"]
[EventRounds "9"]
[EventCountry "GER"]
[SourceTitle "CBM 172 Extra"]
[Source "ChessBase"]
[SourceDate "2016.06.21"]
[SourceVersion "1"]
[SourceVersionDate "2016.06.21"]
[SourceQuality "1"]

1. e4 c5 2. Nf3 d6 3. d4 cxd4 4. Nxd4 Nf6 5. Nc3 g6 6. Be3 Bg7 7. Bc4 0-0 8. 0-0 Nc6 9. Nb3 Be6 10. Nd5 Nxe4 11. Qd3 Nf6 12. Nxf6+ Bxf6 13. Bxe6 fxe6 14. c3 Ne5 15. Qe2 d5 16. Bf4 Qd6 17. Rae1 Rac8 18. Bxe5 Bxe5 19. Qxe5 Qxe5 20. Rxe5 Rc6 21. Nd4 Rb6 22. Nxe6 Rf6 23. Nd4 Rxb2 24. Rxe7 Rfb6 25. h3 Rxa2 26. Ne6 a5 27. Rd1 Rd6 28. c4 a4 29. Rb1 b6 30. cxd5 Rc2 31. Ra1 b5 32. Nc7 Rc5 33. Rb1 Rb6 34. d6 Rxd6 35. Nxb5 Rb6 36. Rd1 Rc8 37. Nc3 a3 38. Ra7 Rb3 39. Nb1 Rbb8 40. Nxa3 Ra8 41. Rxa8 Rxa8 42. Nc4 Re8 43. Kf1 Re4 44. Nb6 Re7 45. Rd8+ Kf7 46. Rd7 Rxd7 47. Nxd7 Ke6 48. Nf8+ Kf7 49. Nxh7 Kg7 50. Ng5 Kh6 51. h4 Kh5 52. g3 Kg4 53. Kg2 Kh5 54. Kh3 Kh6 55. Kg4 Kg7 56. f4 Kf6 57. Ne4+ Kg7 58. Kg5 Kh7 59. h5 Kg7 60. hxg6 Kh8 61. f5 Kg8 62. f6 Kh8 63. Kh6 Kg8 64. f7+ Kf8 65. g7+ Kxf7 66. Kh7 Ke6 67. g8Q+ 1-0